<?xml version="1.0" encoding="UTF-8"?>
<collection xmlns="http://www.loc.gov/MARC21/slim">
 <record>
  <leader>     na                 </leader>
  <controlfield tag="001">INLIS000000000019169</controlfield>
  <controlfield tag="005">20230103031123</controlfield>
  <datafield tag="035" ind1=" " ind2=" ">
   <subfield code="a">0010-0123000052</subfield>
  </datafield>
  <controlfield tag="007">ta</controlfield>
  <controlfield tag="008">230103                g          0 ind  </controlfield>
  <datafield tag="020" ind1=" " ind2=" ">
   <subfield code="a">978-979-29-9072-0</subfield>
  </datafield>
  <datafield tag="082" ind1=" " ind2=" ">
   <subfield code="a">005.5</subfield>
  </datafield>
  <datafield tag="084" ind1=" " ind2=" ">
   <subfield code="a">005.5 TIM m</subfield>
  </datafield>
  <datafield tag="100" ind1=" " ind2=" ">
   <subfield code="e">Pengarang</subfield>
  </datafield>
  <datafield tag="245" ind1="1" ind2=" ">
   <subfield code="a">Microsoft Excel Untuk Administrasi Perkantoran Modern :</subfield>
   <subfield code="b">Microsoft Excel 2019</subfield>
  </datafield>
  <datafield tag="250" ind1=" " ind2=" ">
   <subfield code="a">I</subfield>
  </datafield>
  <datafield tag="300" ind1=" " ind2=" ">
   <subfield code="a">viii + 184 halaman :</subfield>
   <subfield code="b">Ilustrasi [Grafik] ;</subfield>
   <subfield code="c">23 Cm</subfield>
  </datafield>
  <datafield tag="650" ind1=" " ind2="4">
   <subfield code="a">Microsoft Excel</subfield>
  </datafield>
  <datafield tag="650" ind1=" " ind2="4">
   <subfield code="a">Aplikasi Office</subfield>
  </datafield>
  <datafield tag="110" ind1="0" ind2=" ">
   <subfield code="a">Tim</subfield>
  </datafield>
  <datafield tag="504" ind1=" " ind2=" ">
   <subfield code="a">181 halaman</subfield>
  </datafield>
  <datafield tag="520" ind1=" " ind2=" ">
   <subfield code="a">Microsoft Excal untuk Administrasi Perkantoran Modern : Microsoft Office 2019&#13;
&#13;
Seorang tenaga administrasi perkantoran dituntut mempunyai keahlian khusus dalam&#13;
menyusun beragam laporan. Namun kenyataan yang terjadi di dunia perkantoran sekarang, kemampuan SDM dalam merencanakan tidak diimbangi dengan kemampuan penggunaan aplikasi komputer perkantoran secara optimal. Aplikasi yang sering digunakan untuk memenuhi tugas pembuatan laporan keuangan adalah Microsoft Excel. &#13;
&#13;
Melalui Microsoft Excel aktivitas perkantoran dapat dilakukan secara cepat dan mudah.&#13;
Pokok bahasan yang disajikan daiam buku Microsoft Excel untuk Administrasi Perkantoran Modern - Microsoft Office 2019 ini membahas mengenai pemanfaatan Microsoft Excel untuk Administrasi Perkantoran dengan model studi kasus yang meliputi:&#13;
&#13;
Mengenal Microsoft Excel 2019.&#13;
Mengenal dan membuat Grafik, membahas mengenai cara membuat dan mengelola grafik.&#13;
Studi Kasus pada Tugas Sekretaris, membahas mengenai cara menangani surat masuk dan keluar saja. Ada dua macam penanganan surat masuk dan keluar yaitu dengan sistem buku agenda dan sistem kartu kendali.&#13;
Studi Kasus pada Bagian Keuangan, membahas mengenai cara membuat laporan keuangan (membuat laporan rugi/laba, membuat laporan perubahan modal, hingga membuat neraca), membuat laporan penjualan barang, membuat nota penjualan barang serta menghitung penyusutan asset, membuat cara menghitung kredit barang.&#13;
Proses Mencetak.</subfield>
  </datafield>
  <datafield tag="264" ind1=" " ind2=" ">
   <subfield code="a">Yogyakarta :</subfield>
   <subfield code="b">Andi Offset,</subfield>
   <subfield code="c">2019</subfield>
  </datafield>
  <datafield tag="264" ind1=" " ind2=" ">
   <subfield code="a">Madiun :</subfield>
   <subfield code="b">MADCOMS,</subfield>
   <subfield code="c">2019</subfield>
  </datafield>
  <datafield tag="336" ind1=" " ind2=" ">
   <subfield code="2">rdacontent</subfield>
   <subfield code="a">Teks</subfield>
  </datafield>
  <datafield tag="337" ind1=" " ind2=" ">
   <subfield code="2">rdamedia</subfield>
   <subfield code="a">Tanpa Perantara</subfield>
  </datafield>
  <datafield tag="338" ind1=" " ind2=" ">
   <subfield code="2">rdacarrier</subfield>
   <subfield code="a">Lembar</subfield>
  </datafield>
  <datafield tag="990" ind1=" " ind2=" ">
   <subfield code="a">070594</subfield>
  </datafield>
  <datafield tag="990" ind1=" " ind2=" ">
   <subfield code="a">070595</subfield>
  </datafield>
  <datafield tag="990" ind1=" " ind2=" ">
   <subfield code="a">070596</subfield>
  </datafield>
 </record>
</collection>
